Causality : (Record no. 31845)

000 -LEADER
fixed length control field 00374nam a22001577a 4500
003 - CONTROL NUMBER IDENTIFIER
control field NUST
020 ## - INTERNATIONAL STANDARD BOOK NUMBER
International Standard Book Number 978-0-521-77362-1
038 ## - RECORD CONTENT LICENSOR
Staff Name khadija
082 ## - DEWEY DECIMAL CLASSIFICATION NUMBER
Classification number 122
Author Mark PEA
100 ## - MAIN ENTRY--PERSONAL NAME
Personal name Pearl, Judea
9 (RLIN) 82095
245 ## - TITLE STATEMENT
Title Causality :
Remainder of title Models, Reasoning and Inference /
260 ## - PUBLICATION, DISTRIBUTION, ETC.
Place of publication, distribution, etc. New York
Name of publisher, distributor, etc. Cambridge
Date of publication, distribution, etc. 2007.
500 ## - GENERAL NOTE
General note Hardcover.
563 ## - BINDING INFORMATION
Binding note hardcover
942 ## - ADDED ENTRY ELEMENTS (KOHA)
Koha item type Book
Source of classification or shelving scheme
Holdings
Withdrawn status Lost status Source of classification or shelving scheme Damaged status Not for loan Permanent Location Current Location Shelving location Date acquired Full call number Barcode Date last seen Price effective from Koha item type Public note
          School of Mechanical & Manufacturing Engineering (SMME) School of Mechanical & Manufacturing Engineering (SMME) General Stacks 07/06/2015 122 PEA SMME-390 03/28/2018 07/06/2015 Book Rack,49-Shelf,1
© 2023 Central Library, National University of Sciences and Technology. All Rights Reserved.